• 首页
  • 本馆介绍
  • 公告通知
  • 最新文献
  • 馆藏检索
  • 电子资源
  • 读者导购
  • 参考咨询
  • 我的图书馆
  • 登录
  • 详细信息显示
  • 放入我的书架
  • 预约/预借图书
  • 作者相关作品
  • 分类相关作品
  • 丛书相关作品
  • 出版社相关作品

书目信息

  • 表格格式
  • 工作单格式
  • 卡片格式
题名:
世界社会主义跟踪研究报告
    
 
作者: 李慎明 主编
分册:  
出版信息: 北京   社会科学文献出版社  2006
页数: 770页
开本: 24cm
丛书名: 皮书系列
单 册:
中图分类: D507
科图分类:
主题词: 社会主义--研究报告--世界 , 社会主义
电子资源:
ISBN: 7-80190-429-X
000 01327oam2 2200361 450
001 1249760528
005 20121005135002.70
010    @a7-80190-429-X@dCNY80.00
100    @a20060612d2006 emky0chiy50 ea
101 0  @achi
102    @aCN@b110000
105    @ay z 000yy
200 1  @a世界社会主义跟踪研究报告@Ashi jie she hui zhu yi gen zong yan jiu bao gao@e且听低谷新潮声(之一)@dWorld socialism tracking research report No.1@f李慎明主编@zeng
205    @a2版
210    @a北京@c社会科学文献出版社@d2006
215    @a770页@d24cm@e1光盘
225 2  @a皮书系列
225 2  @a世界社会主义研究丛书@i研究系列
300    @a世界社会主义黄皮书 NO.1
300    @a国家社科基金特别委托项目
307    @a附光盘:ISBN 7-900198-21-0
330    @a本书是世界社会主义中心十年来的论文汇编,大多选自《世界社会主义研究动态》的解密论文,反映了国内学者对于当今社会主义运动及有关情况的看法。
461  0 @12001 @a皮书系列
461  0 @12001 @a世界社会主义研究丛书
462  0 @12001 @a研究系列
510 1  @aWorld socialism tracking research report No.1@zeng
517 1  @a且听低谷新潮声(一)@Aqie ting di gu xin chao sheng
606 0  @a社会主义@x研究报告@y世界
606 0  @a社会主义
690    @aD507@v4
701  0 @a李慎明@Ali shen ming@f(1949~)@4主编
801  0 @aCN@bNLC@c20101222
905    @a10447@dD507@eJY20
    
    世界社会主义跟踪研究报告:且听低谷新潮声(之一)=World socialism tracking research report No.1/李慎明主编.-2版.-北京:社会科学文献出版社,2006
    770页;24cm+1光盘.-(皮书系列).-(世界社会主义研究丛书.研究系列)
    世界社会主义黄皮书 NO.1.-国家社科基金特别委托项目
    
    ISBN 7-80190-429-X:CNY80.00
    本书是世界社会主义中心十年来的论文汇编,大多选自《世界社会主义研究动态》的解密论文,反映了国内学者对于当今社会主义运动及有关情况的看法。
●
相关链接 在E读中查询图书 在五车中查询图书 在当当中查询图书 在豆瓣中查询图书


正题名:世界社会主义跟踪研究报告     索取号:D507/JY20         预约/预借

序号 登录号 条形码 馆藏地/架位号 状态 备注
1 7811790   278117903   学院路分馆/ [索取号:D507/JY20] 在馆    
2 7811791   278117912   学院路分馆/ [索取号:D507/JY20] 在馆    
唐山师范学院图书馆 欢迎您!
大连网信软件有限公司© 版权所有